MARC

LEADER 00000nam0a2200000 4500
001 21274
005 20231101205421.0
035 |a (RuTPU)RU\TPU\book\21472 
035 |a BOOK00021543 
090 |a 21274 
100 |a 20011209d1975 m y0rusy50 ca 
101 0 |a rus 
102 |a RU 
105 |a a z 000сb 
200 1 |a Винсент Ван Гог  |e Очерк жизни и творчества  |f Н. А. Дмитриева 
210 |a Москва  |c Детская литература  |d 1975 
215 |a 166 с.  |c ил. 
225 1 |a В мире прекрасного 
600 1 |a Ван Гог  |b В.  |c голландский живописец  |f 1853-1890  |g Винсент  |2 stltpush  |3 (RuTPU)RU\TPU\pers\10490  |9 2231 
610 1 |a искусство 
610 1 |a изобразительное искусство 
610 1 |a живопись 
610 1 |a нидерландская живопись 
610 1 |a 19 век 
610 1 |a история 
675 |a 75(092)Ван Гог  |v 3 
700 1 |a Дмитриева  |b Н. А.  |g Нина Александровна 
801 0 |a RU  |b 63413507  |c 20011209  |g PSBO 
801 2 |a RU  |b 63413507  |c 20110409  |g PSBO 
942 |c BK